[Event "Stay Safe Play From Home 290"]
[Site "Emanuel Lasker Arena"]
[Date "2020.07.09"]
[Round "1"]
[White "AChessPlayer"]
[Black "Fischer_11"]
[Result "0-1"]
[WhiteElo "2415"]
[BlackElo "2024"]
[Annotator "NA"]
[PlyCount "158"]
[EventDate "2020.07.09"]
[EventType "swiss (blitz)"]

1. e4 {[%emt 0:00:01]} Nf6 {[%emt 0:00:02]} 2. e5 {[%emt 0:00:01]} Nd5 {[%emt 0:00:01]} 3. Nc3 {[%emt 0:00:00]} Nxc3 {[%emt 0:00:01]} 4. dxc3 {[%emt 0:00:00]} d6 {[%emt 0:00:00]} 5. Nf3 {[%emt 0:00:00]} Nc6 {[%emt 0:00:01]} 6. Bf4 {[%emt 0:00:01]} Bf5 {[%emt 0:00:00]} 7. Bb5 {[%emt 0:00:00]} e6 {[%emt 0:00:01]} 8. O-O {[%emt 0:00:01]} Be7 {[%emt 0:00:02]} 9. Qe2 {[%emt 0:00:01]} O-O {[%emt 0:00:01]} 10. Rad1 {[%emt 0:00:01]} a6 {[%emt 0:00:01]} 11. Bxc6 {[%emt 0:00:00]} bxc6 {[%emt 0:00:01]} 12. c4 {[%emt 0:00:00]} d5 {[%emt 0:00:02]} 13. b3 {[%emt 0:00:01]} Qc8 {[%emt 0:00:03]} 14. Nd4 {[%emt 0:00:00]} c5 {[%emt 0:00:05]} 15. Nxf5 {[%emt 0:00:01]} exf5 {[%emt 0:00:00]} 16. cxd5 {[%emt 0:00:01]} Rd8 {[%emt 0:00:05]} 17. c4 {[%emt 0:00:01]} Bf8 {[%emt 0:00:01]} 18. h4 {[%emt 0:00:01]} g6 {[%emt 0:00:00]} 19. h5 {[%emt 0:00:00]} Bg7 {[%emt 0:00:00]} 20. h6 {[%emt 0:00:01]} Bh8 {[%emt 0:00:01]} 21. Qf3 {[%emt 0:00:01]} Re8 {[%emt 0:00:01]} 22. Rfe1 {[%emt 0:00:00]} Qd7 {[%emt 0:00:03]} 23. Re2 {[%emt 0:00:00]} Re7 {[%emt 0:00:01]} 24. Rde1 {[%emt 0:00:00]} Rae8 {[%emt 0:00:00]} 25. Bg5 {[%emt 0:00:01]} f6 {[%emt 0:00:03]} 26. exf6 {[%emt 0:00:02]} Rxe2 {[%emt 0:00:00]} 27. Rxe2 {[%emt 0:00:00]} Rxe2 {[%emt 0:00:01]} 28. Qxe2 {[%emt 0:00:00]} Kf7 {[%emt 0:00:01]} 29. Qe7+ {[%emt 0:00:02]} Qxe7 {[%emt 0:00:01]} 30. fxe7 {[%emt 0:00:00]} Be5 {[%emt 0:00:01]} 31. Kf1 {[%emt 0:00:01]} Bd6 {[%emt 0:00:01]} 32. Ke2 {[%emt 0:00:00]} Bxe7 {[%emt 0:00:01]} 33. Bxe7 {[%emt 0:00:01]} Kxe7 {[%emt 0:00:00]} 34. Ke3 {[%emt 0:00:00]} g5 {[%emt 0:00:00]} 35. f4 {[%emt 0:00:06]} g4 {[%emt 0:00:02]} 36. Kf2 {[%emt 0:00:00]} a5 {[%emt 0:00:00]} 37. Kg3 {[%emt 0:00:00]} Kf6 {[%emt 0:00:00]} 38. Kh4 {[%emt 0:00:00]} Kg6 {[%emt 0:00:00]} 39. Kg3 {[%emt 0:00:04]} Kxh6 {[%emt 0:00:02]} 40. Kf2 {[%emt 0:00:00]} Kg6 {[%emt 0:00:00]} 41. g3 {[%emt 0:00:01]} h5 {[%emt 0:00:00]} 42. Ke3 {[%emt 0:00:01]} Kf6 {[%emt 0:00:00]} 43. Kd3 {[%emt 0:00:01]} h4 {[%emt 0:00:02]} 44. gxh4 {[%emt 0:00:01]} Kg6 {[%emt 0:00:00]} 45. Ke3 {[%emt 0:00:00]} Kh5 {[%emt 0:00:00]} 46. Kf2 {[%emt 0:00:03]} Kxh4 {[%emt 0:00:00]} 47. Kg2 {[%emt 0:00:00]} g3 {[%emt 0:00:00]} 48. a3 {[%emt 0:00:02]} Kg4 {[%emt 0:00:01]} 49. a4 {[%emt 0:00:03]} Kxf4 {[%emt 0:00:01]} 50. Kg1 {[%emt 0:00:00]} Ke5 {[%emt 0:00:01]} 51. Kf1 {[%emt 0:00:00]} f4 {[%emt 0:00:00]} 52. Kg1 {[%emt 0:00:00]} f3 {[%emt 0:00:00]} 53. Kf1 {[%emt 0:00:00]} f2 {[%emt 0:00:00]} 54. Kg2 {[%emt 0:00:01]} Ke4 {[%emt 0:00:00]} 55. Kxg3 {[%emt 0:00:01]} Ke3 {[%emt 0:00:00]} 56. Kg2 {[%emt 0:00:00]} Ke2 {[%emt 0:00:00]} 57. Kg3 {[%emt 0:00:00]} f1=Q {[%emt 0:00:00]} 58. Kg4 {[%emt 0:00:00]} Qb1 {[%emt 0:00:00]} 59. d6 {[%emt 0:00:00]} Qxb3 {[%emt 0:00:00]} 60. dxc7 {[%emt 0:00:01]} Qxc4+ {[%emt 0:00:00]} 61. Kg5 {[%emt 0:00:01]} Qg8+ {[%emt 0:00:00]} 62. Kf5 {[%emt 0:00:00]} Qc8+ {[%emt 0:00:00]} 63. Ke5 {[%emt 0:00:00]} Qxc7+ {[%emt 0:00:00]} 64. Kd5 {[%emt 0:00:00]} Qb7+ {[%emt 0:00:00]} 65. Kc4 {[%emt 0:00:00]} Qb4+ {[%emt 0:00:00]} 66. Kd5 {[%emt 0:00:00]} Qxa4 {[%emt 0:00:00]} 67. Kd6 {[%emt 0:00:00]} Qb4 {[%emt 0:00:00]} 68. Kc7 {[%emt 0:00:00]} a4 {[%emt 0:00:00]} 69. Kd7 {[%emt 0:00:00]} a3 {[%emt 0:00:00]} 70. Kc6 {[%emt 0:00:00]} c4 {[%emt 0:00:00]} 71. Kd7 {[%emt 0:00:00]} c3 {[%emt 0:00:00]} 72. Ke6 {[%emt 0:00:00]} c2 {[%emt 0:00:00]} 73. Kf5 {[%emt 0:00:00]} c1=Q {[%emt 0:00:00]} 74. Kg6 {[%emt 0:00:01]} Qcc4 {[%emt 0:00:00]} 75. Kh5 {[%emt 0:00:00]} Qbb5+ {[%emt 0:00:00]} 76. Kg6 {[%emt 0:00:00]} Qcc5 {[%emt 0:00:00]} 77. Kf7 {[%emt 0:00:00]} Qcc6 {[%emt 0:00:00]} 78. Ke7 {[%emt 0:00:01]} Qbb7+ {[%emt 0:00:00]} 79. Kd8 {[%emt 0:00:00]} Qcc8# {[%emt 0:00:00] (Lag: Av=0.45s, max=1.5s)} 0-1

[Event "Stay Safe Play From Home 290"]
[Site "Emanuel Lasker Arena"]
[Date "2020.07.09"]
[Round "1"]
[White "Lamborghini"]
[Black "Tartak"]
[Result "1-0"]
[WhiteElo "2205"]
[BlackElo "1760"]
[Annotator "TA"]
[PlyCount "97"]
[EventDate "2020.07.09"]
[EventType "swiss (blitz)"]

{[%evp 9,97,90,152,152,177,178,353,212,222,203,234,249,427,182,185,121,120,125,124,123,127,135,113,77,282,282,275,264,263,116,173,183,215,215,247,256,316,310,310,313,319,275,281,205,193,195,200,82,191,101,407,394,397,406,497,514,510,499,582,570,606,607,597,591,796,585,771,766,762,747,718,712,1122,1283,1329,1298,1352,1320,1026,952,943,898,944,637,29973,29975,29950,2558,4934,682]} 1. e4 e6 2. d4 d5 3. Nc3 c5 4. exd5 cxd4 5. Qxd4 Nf6 (5... Nc6 $142 6. Bb5 exd5) 6. Bg5 {C10: French with 3 Nc3: Unusual Black 3rd moves and 3...dxe4.} Be7 7. Bb5+ {[#]} Nbd7 $146 {[#]} (7... Bd7 {keeps fighting.}) ({Predecessor:} 7... Nfd7 8. Bxe7 Qxe7 9. Qxg7 Qf8 10. Qf6 Nc6 11. dxc6 bxc6 12. Bxc6 Rb8 13. O-O-O Rb6 14. Bxd7+ Bxd7 {1-0 (21) Dudeney,K (1821)-Duncan,J ICCF email 2015}) 8. dxe6 {White is winning.} fxe6 9. O-O-O O-O 10. Nf3 Qa5 $2 (10... a6 {might work better.}) 11. Qa4 (11. Bxd7 $142 Bxd7 12. Bxf6 Bxf6 13. Qxd7 {[%mdl 64] Double Attack}) 11... Qxa4 12. Bxa4 (12. Nxa4 $18 {Threatens to win with Bxd7.} Nb6 13. Nxb6 axb6 14. Kb1) 12... Nc5 $16 13. Ne5 Nxa4 14. Nxa4 Bb4 15. f3 Nd5 16. c4 Nb6 $2 {[#]} (16... Rf5 $16 {was worth a try.}) 17. Nxb6 $18 axb6 18. a3 Bc5 19. Nd3 (19. b4 $18 {has better winning chances.} h6 20. bxc5 hxg5 21. cxb6) 19... Bd4 (19... Rf5 $16 {is a better defense.}) 20. Rhe1 e5 21. Be3 Bxe3+ 22. Rxe3 Re8 23. Nxe5 ({Don't take} 23. Rxe5 Bd7 $18) 23... Bf5 24. Rd6 b5 25. cxb5 Rac8+ 26. Kd2 Rc2+ 27. Ke1 Rxb2 28. g4 (28. Rb6 $18 {is more deadly.}) 28... Bg6 (28... Rxb5 $16 29. Nc4 (29. gxf5 Rbxe5 30. Rxe5 Rxe5+ 31. Kf2 Rxf5 $11) 29... Rxe3+ 30. Nxe3 Bg6) 29. Rd2 (29. b6 $18) 29... Rxd2 $4 {[%mdl 8192]} (29... Rxb5 $16 {is a better chance.} 30. f4 Rf8) 30. Kxd2 $16 {[%mdl 4096] Endgame KRB-KRN} Rd8+ 31. Kc3 Bb1 32. a4 {[%cal Ba3a4,Ba4a5][%mdl 32]} Ba2 33. Kb4 h6 34. a5 g6 35. Nxg6 Kg7 36. Ne7 Rd2 37. Nf5+ Kg6 38. a6 Rb2+ 39. Kc5 bxa6 40. bxa6 Bb3 41. a7 Ra2 42. Rxb3 Rxa7 $18 {KRN-KR} 43. Rb6+ Kg5 44. Nd4 Kh4 45. Ne6 Kh3 46. f4 Kxh2 47. g5 Kg3 48. gxh6 (48. g6 $142 Kg4 49. g7 Ra8 50. Nf8 Rc8+ 51. Kd6 Kf3 52. Rb3+ Kf2 53. g8=Q) 48... Rh7 49. Nd4 {Accuracy: White = 54%, Black = 30%.} 1-0

[Event "Stay Safe Play From Home 290"]
[Site "Emanuel Lasker Arena"]
[Date "2020.07.09"]
[Round "1"]
[White "VotaryRoma"]
[Black "Trotsky"]
[Result "1-0"]
[WhiteElo "2184"]
[BlackElo "1610"]
[Annotator "TA"]
[PlyCount "77"]
[EventDate "2020.07.09"]
[EventType "swiss (blitz)"]

{[%evp 18,77,37,26,89,5,176,20,34,30,176,179,225,216,329,194,445,412,585,600,583,495,892,438,809,389,861,325,331,327,328,245,254,254,236,-84,361,306,564,557,519,350,548,496,1080,852,1091,1051,1412,1232,29990,29991,29998,1232,1416,1545,29990,29991,29993,29990,29990,29981]} 1. Nf3 d5 2. g3 e6 3. Bg2 c5 4. O-O Nc6 5. d4 Bd6 6. c4 Nf6 7. cxd5 exd5 8. dxc5 Bxc5 9. Nc3 Be6 10. Bg5 a6 {[#] D34: Tarrasch Defence: 6 g3 Nf6 7 Bg2 Be7.} (10... O-O $11) 11. e4 $146 (11. Bxf6 $16 gxf6 12. Rc1) ({Predecessor:} 11. Bxf6 gxf6 12. e3 Qd6 13. Rc1 Rd8 14. Ne2 O-O 15. Qc2 Bb6 16. Ned4 Ne5 17. b3 {½-½ (65) Shavtvaladze,N (2452)-Gelashvili,T (2605) Kalamaria 2009}) 11... d4 $2 {[#]} (11... dxe4 $11 12. Nd2 e3 $1 {[%mdl 512]} 13. fxe3 Be7) 12. Ne2 $2 (12. Nd5 $1 $18 {[%mdl 512]}) 12... h6 $11 {The position is equal.} 13. Bxf6 gxf6 (13... Qxf6 $11 {and Black is okay.} 14. Rc1 Bb6) 14. Nf4 Qc7 15. Rc1 Bd6 (15... Ba7 $142 16. Nd5 Qa5) 16. Nd5 ({Weaker is} 16. Nxd4 Bxf4 17. gxf4 O-O-O $16) (16. Nxe6 $142 fxe6 17. Nxd4) 16... Qc8 $2 (16... Qd8 17. Nxd4 Nxd4) 17. Nxf6+ Ke7 (17... Kf8 {was necessary.} 18. Nd5 Qd8 19. Nxd4 Bxd5 20. exd5 Nxd4 21. Qxd4 Kg8) 18. Nd5+ $18 Kf8 19. Nxd4 Qd7 (19... Qd8 $142 20. Nxc6 bxc6) 20. Nxe6+ (20. Nb6 $142 Qe7 21. Nxa8) 20... fxe6 (20... Qxe6 $142 21. f4 Rd8) 21. Nf6 (21. Nb6 $142 Qd8 22. Nxa8) 21... Qf7 $2 (21... Qe7 22. e5 Nxe5) 22. Ng4 $2 (22. Qxd6+ Qe7 23. e5) 22... Rd8 23. e5 Be7 24. Qf3 Qxf3 25. Bxf3 h5 26. Nf6 $2 (26. Bxc6 $18 {Ne3 is the strong threat.} bxc6 27. Ne3 (27. Rxc6 hxg4 28. Rxe6 Rh5 $11)) 26... Kg7 $2 {[%mdl 8192]} (26... Nxe5 $17 {stays on course.} 27. Bxb7 Bxf6) 27. Nxh5+ Kg6 $2 (27... Kf7 28. Bxc6 Rxh5) 28. Nf4+ {[%mdl 64] Double Attack} Kf5 29. Rfe1 {aiming for Be4+.} Nd4 (29... Nxe5 {is a better defense.} 30. Bxb7 Kf6) 30. Be4+ Kg4 (30... Kxe5 $142 31. Ng6+ Kf6 32. Nxh8 Rxh8 33. Bxb7 Rb8) 31. h3+ Rxh3 32. Nxh3 Rh8 33. Bg2 Nf3+ 34. Bxf3+ Kxf3 35. Re3+ (35. Rc4 $142 Rxh3 36. Rf4#) 35... Kg4 36. Nf4 Bc5 37. Rxc5 {White mates.} b6 38. Rc4 Rg8 39. Nd5+ {Accuracy: White = 27%, Black = 11%.} 1-0

[Event "Stay Safe Play From Home 290"]
[Site "Emanuel Lasker Arena"]
[Date "2020.07.09"]
[Round "1"]
[White "Lazieri3"]
[Black "Bardellosport"]
[Result "0-1"]
[WhiteElo "2086"]
[BlackElo "1950"]
[Annotator "TA"]
[PlyCount "92"]
[EventDate "2020.07.09"]
[EventType "swiss (blitz)"]

{[%evp 9,92,4,16,14,33,17,20,-5,-4,-33,-13,-28,-13,-75,-62,-82,-25,-43,-19,-74,-10,-15,0,-76,-63,-88,-59,-107,-108,-129,-129,-183,-183,-642,-153,-800,-797,-1350,-1324,-1163,-800,-1020,-995,-2024,-1831,-2216,-2051,-2293,-467,-435,-306,-296,-294,-379,-310,-417,-314,-308,-20,-268,-267,-264,-245,-245,-206,-257,-257,-260,-253,-258,-232,-255,-211,-239,-234,-512,-239,-239,-239,-29970,-29971,-29962,-12380,-5035,-828]} 1. e4 d6 2. d4 Nf6 3. Bd3 Nbd7 4. Nf3 e5 5. dxe5 dxe5 6. O-O {B07: Pirc Defence: Miscellaneous Systems.} Be7 7. h3 c6 {[#]} 8. Bg5 $146 {The position is equal.} ({Predecessor:} 8. Nc3 O-O 9. Ne2 Re8 10. Ng3 h6 11. Be3 Bf8 12. Bc4 Qc7 13. c3 Nc5 14. Bxc5 Bxc5 {0-1 (30) Hj,S (2049)-Cantonjos,A (2191) Tagaytay City 2013}) 8... Qc7 9. c3 O-O 10. Bc2 h6 11. Bxf6 (11. Be3 $11) 11... Nxf6 $17 12. Qe2 Be6 ({Black should try} 12... Nh5 $17 {White should prevent ...Qb6.} 13. Rd1 Nf4) 13. Nbd2 b5 14. Nb3 (14. Bb3 $11) 14... Bc4 (14... Nh5 $17 {Strongly threatening ...Bc4.} 15. Nc1 Nf4) 15. Bd3 $11 Be6 16. Rfd1 (16. Bc2 $1 $11 {remains equal.}) 16... a6 17. Nbd2 Rad8 18. b4 c5 19. bxc5 Bxc5 20. Nb3 (20. Ne1 $17) 20... Ba7 21. a4 $2 (21. Qe1) 21... bxa4 $2 (21... Bxb3 $19 22. Rdc1 Nh5) 22. Rxa4 $2 (22. Nbd2 $17) 22... Bxb3 $19 23. Rxa6 Bxd1 24. Qxd1 Qb7 {White must now prevent ...Qxa6!} 25. Ra1 Nxe4 {[%mdl 64] [#] Double Attack} 26. Qe2 Bxf2+ 27. Kh2 Bg3+ 28. Kh1 {[#]} Qb6 (28... Rxd3 $142 $1 29. Kg1 (29. Qxd3 Nf2+) 29... Rfd8) 29. Bxe4 Qf2 30. Qxf2 Bxf2 31. Nxe5 Rfe8 32. Ng4 Bc5 33. Bf3 g6 $2 ({Black should play} 33... Re6 $19 {Threatens to win with ...Rde8.} 34. Rf1 Rde8) 34. Nxh6+ $2 (34. Nf6+ $11 {and White is okay.} Kg7 35. Nxe8+ Rxe8 36. c4) 34... Kg7 35. Ng4 f5 36. Nh2 Bd6 37. Nf1 Be5 38. Rc1 Rc8 39. Kg1 Bf6 40. Kf2 Red8 41. Rc2 Rd3 42. Ng3 $2 (42. Ke2 {was called for.} Rdxc3 43. Rxc3 Rxc3 44. Ne3) 42... Rdxc3 (42... Bh4 $142 43. Ke2 Rd6 44. Nxf5+ gxf5) 43. Rxc3 Rxc3 44. h4 $2 (44. Ne2 $19 Ra3 45. Nf4) 44... Bxh4 45. Bd5 Bxg3+ (45... g5 $142 46. Ke2 Bxg3 47. Be6 Kf6 48. Bd7 Rc2+ 49. Kf3 Be5 50. g4 Rc3+ 51. Kf2 f4 52. Bb5 Bd4+ 53. Ke2 f3+ 54. Kd2 Ke5 55. Bd7 Rb3 56. Bc8 f2 57. Ba6 Ra3 58. Bc4 Ra1 59. Kc2 f1=Q 60. Bxf1 Rxf1 61. Kb3 Kd5 62. Kc2 Kc4 63. Kd2 Rf2+ 64. Kc1 Rg2 65. Kb1 Kd3 66. Kc1 Rg1#) 46. Ke2 Kf6 {Accuracy: White = 30%, Black = 50%.} 0-1

[Event "Stay Safe Play From Home 290"]
[Site "Emanuel Lasker Arena"]
[Date "2020.07.09"]
[Round "1"]
[White "Haxhi Baha"]
[Black "Eidgenosse"]
[Result "0-1"]
[WhiteElo "1994"]
[BlackElo "2445"]
[Annotator "TA"]
[PlyCount "68"]
[EventDate "2020.07.09"]
[EventType "swiss (blitz)"]

{[%evp 9,67,27,30,32,32,8,17,-22,23,0,14,-18,0,-18,0,0,2,-39,67,0,0,19,0,-18,220,33,399,0,0,-66,-40,-391,-110,-180,-167,-172,-154,-206,-183,-253,-245,-263,-181,-181,-77,-77,-77,-77,-77,-79,-77,-106,-79,-153,-138,-172,-180,-187,-157,-29999]} 1. e4 d6 2. Nf3 Nd7 3. d4 Ngf6 4. Bd3 e5 5. Nc3 c6 6. h3 {C41: Philidor Defence.} Be7 7. a3 O-O {[#]} 8. g4 $146 {The position is equal.} ({Predecessor:} 8. O-O a6 9. dxe5 dxe5 10. Re1 b5 11. b4 Bb7 12. Ng5 c5 13. bxc5 Nxc5 14. Qe2 {0-1 (27) Bearce,H (1687)-Cain,L ICCF email 2012}) 8... Qc7 9. Be3 d5 10. dxe5 Nxe5 11. Nxe5 {f4 is the strong threat.} Qxe5 12. f4 $36 {[%mdl 2048] White has some pressure.} Qc7 13. g5 Nd7 (13... Nxe4 $15 14. Nxe4 Re8) 14. exd5 ({White should try} 14. Qf3 $1 $14) 14... Bc5 15. Bxc5 Nxc5 16. O-O Bxh3 $2 {[#]} (16... Qb6 $11 17. Kh1 Qxb2) 17. Rf2 $2 (17. Bxh7+ $1 $18 {[%mdl 512]} Kxh7 18. Qh5+ {[%mdl 64] Double Attack} Kg8 19. Qxh3) 17... Rae8 $2 {[%mdl 8192] [#]} (17... g6 $14) 18. dxc6 $2 (18. Bxh7+ $1 $18 {[%mdl 512]} Kxh7 19. Qh5+ Kg8 20. Qxh3) 18... Nxd3 $11 19. cxd3 (19. Qxd3 $11 Bg4 20. cxb7) 19... Qxc6 20. Qh5 $2 {[%mdl 8192]} (20. Qf3 $15 Bf5 21. Qxc6 bxc6 22. Ne4) 20... Bf5 $2 (20... Re3 $19 {is more deadly.} 21. g6 fxg6 22. Qd5+ Qxd5 23. Nxd5 Rxd3) 21. Ne4 (21. Qf3 $17) 21... Bxe4 $19 22. dxe4 Qxe4 23. f5 (23. Rd1 $17) 23... g6 24. Qh6 {[#]} (24. Qf3 $142) 24... Qg4+ $1 25. Rg2 Qd4+ 26. Kh1 Re4 (26... gxf5 $19 {Threatens to win with ...Re3.} 27. Qh3 Re5) 27. Rh2 $17 {[%csl Gh2][%cal Rh6h7]} Qg7 28. Qxg7+ Kxg7 {[%mdl 4096] Endgame KRR-KRR} 29. f6+ Kg8 30. Rg1 Rd8 31. Rh3 {[#]} (31. Rc2 $142) 31... h5 $1 32. gxh6 Kh7 33. Rc3 Rd2 {( -> ...Rh4+)} 34. Rc7 $2 (34. Rgc1 $17) 34... Rh4# {Accuracy: White = 29%, Black = 43%.} 0-1

[Event "Stay Safe Play From Home 290"]
[Site "Emanuel Lasker Arena"]
[Date "2020.07.09"]
[Round "1"]
[White "Ironmike"]
[Black "Mepe_Nika"]
[Result "0-1"]
[WhiteElo "1962"]
[BlackElo "2351"]
[Annotator "TA"]
[PlyCount "124"]
[EventDate "2020.07.09"]
[EventType "swiss (blitz)"]
[WhiteTeam "SV Horst-Emscher I"]

{[%evp 11,123,-36,18,16,32,-38,-13,-17,-8,-31,-25,-25,-29,-38,-41,-37,4,0,21,-6,-10,-82,-84,-64,-10,-25,0,-13,0,-78,-85,-143,0,-14,-12,-31,-28,-20,0,0,0,0,0,0,0,0,0,0,27,26,48,22,51,33,42,45,39,35,35,-23,0,-48,0,-22,-20,-103,-11,-35,-33,-246,-246,-231,-230,-29988,-54,-1536,-870,-2460,-548,-548,-461,-29972,-4710,-29969,-29969,-29969,-29969,-12684,-4935,-29979,-6033,-29976,0,-29977,-29977,-29988,-29984,-29983,-29980,-29988,-29980,-29993,-29994,-29994,-29995,-29995,-29995,-29997,-29995,-29998,-29996,-29997,-29998,-29999]} 1. e4 e5 2. Nf3 Nc6 3. Bc4 Nf6 4. d3 Bc5 5. Nc3 d6 6. Be3 Nd4 (6... Bxe3 $15 7. fxe3 O-O) 7. Bxd4 $11 {C50: Hungarian Defence and Giuoco Pianissimo.} exd4 8. Nd5 {[#]} (8. Na4 $14) 8... c6 $146 ({Predecessor:} 8... O-O 9. Nxf6+ Qxf6 10. O-O Bg4 11. h3 Bxf3 12. Qxf3 Qxf3 13. gxf3 c6 14. Rac1 b5 {0-1 (53) Krnic,D-Zivkovic,Z Osijek 2012}) 9. Nxf6+ {The position is equal.} Qxf6 10. O-O Bg4 11. h3 Bxf3 12. Qxf3 Qxf3 13. gxf3 b5 14. Bb3 Ke7 15. a3 a5 16. Kg2 (16. a4 $11) 16... a4 $17 17. Ba2 g5 ({Black should play} 17... Rhb8 $15) 18. f4 gxf4 19. Kf3 Rhg8 20. Kxf4 (20. Rg1 $11) 20... Rg6 $1 21. Rg1 (21. Kf3 $142) 21... Rag8 (21... Rf6+ $17 22. Kg4 Rg8+ 23. Kh5 Rxg1 24. Rxg1 Rxf2) 22. Rxg6 hxg6 $11 {[%mdl 4096] Endgame KRB-KRB} 23. Rf1 Rh8 24. Kg4 Rh5 25. f4 Bb6 26. f5 Rh6 27. fxg6 Rxg6+ 28. Kh5 Rg2 29. Rxf7+ Ke8 30. Rb7 Bd8 31. Bf7+ Kf8 32. Bg6 Rxc2 33. Rf7+ Kg8 34. Rd7 Bf6 $1 35. e5 (35. Rxd6 $14 Be7 36. Rxd4) 35... Bxe5 ({Of course not} 35... dxe5 36. Rb7 $14) 36. h4 Rf2 37. Rc7 c5 38. Rc6 (38. Be8 $11 {remains equal.}) 38... Rf8 ({Black should try} 38... Rxb2 $17 {aiming for ...Kg7.} 39. Rc7 b4) 39. Rb6 c4 40. Rb7 $2 {White is on the road to losing.} (40. Rxb5 $15 c3 41. bxc3 dxc3 42. d4 Bxd4 43. Rb4) 40... c3 $19 41. bxc3 dxc3 {White must now prevent ...Bd4.} 42. Rxb5 $2 (42. d4 $19 Bxd4 43. Bh7+ Kh8 44. Be4) 42... Rc8 $2 (42... c2 43. d4 c1=Q 44. Rb1 Qxa3 45. dxe5 Qf3+ {[%mdl 64] Zwischenzug} 46. Kh6 Qf4+ 47. Kh5 Rf5+ $1 {[%mdl 512]} 48. Bxf5 Qxf5+ {[%mdl 64] Double Attack} 49. Kh6 Qxb1 50. Kg5 dxe5 51. Kg4 a3 52. h5 a2 53. h6 a1=Q 54. Kg5 Qd4 55. h7+ Kxh7 56. Kf6 Qg6+ 57. Ke7 Qdd6#) 43. Rb1 $2 {[%mdl 8192]} (43. d4 $15 Bxd4 44. Bc2) 43... c2 44. Rc1 Bf4 (44... Bb2 $142 45. Rxc2 Rxc2) 45. Rxc2 Rxc2 46. Kg4 (46. Be8 $19) 46... Bc1 (46... Rg2+ $142 47. Kxf4 Rxg6 48. Ke4 Rg1 49. Kd4 Rc1 50. h5 Kg7 51. Ke3 Rc3 $1 {[%mdl 512]} 52. Kd4 Rxa3 53. Kc4 Rb3 54. Kd5 Rxd3+ 55. Kc4 Rh3 56. Kd4 a3 57. h6+ Kxh6 58. Ke4 a2 59. Kd4 a1=Q+ 60. Kd5 Qe5+ 61. Kc6 Qc5+ 62. Kd7 Re3 63. Kd8 Qa7 64. Kc8 Re8#) 47. h5 Rc3 48. Kf5 Kh8 49. Ke6 Rxa3 50. h6 Bb2 (50... Rb3 $142 51. Be4 a3 52. Bd5 a2 53. Bxb3 a1=Q 54. Kf7 Bxh6 55. Ke7 Qe5+ 56. Be6 Bf4 57. d4 Qxd4 58. Kd7 Qa7+ 59. Kc6 Qc5+ 60. Kb7 Qb5+ 61. Kc8 Qc6+ 62. Kb8 d5+ 63. Ka7 Bc7 64. Bh3 Qb6+ 65. Ka8 Qb8#) 51. Kf7 Bc1 $2 (51... Rb3 {mates} 52. Bf5 a3 53. Be6 {[#]} a2 $1 {[%mdl 512]} 54. Bxb3 a1=Q 55. Ke7 Qa7+ 56. Ke6 Qa8 57. Bc4 Qc6 58. Bb3 Qa8 59. d4 Qg8+ 60. Ke7 Qxb3 61. Kd7 Qf7+ 62. Kxd6 Bxd4 63. h7 Qf5 64. Kc6 Bc5 65. Kb5 Qd5 66. Ka6 Qc6+ 67. Ka5 Qb6+ 68. Ka4 Qb4#) 52. d4 $2 {[%mdl 8192]} (52. Ke6 $11 Rb3 53. Bf7) 52... Bxh6 {Black mates.} 53. d5 Bg7 54. Ke6 Rc3 55. Kxd6 a3 56. Bf7 a2 57. Ke6 a1=Q 58. d6 {[#]} Qa6 $1 59. Ke7 {[#]} Qa3 $1 60. Kd8 {[#]} Rd3 $1 61. Kd7 Qxd6+ 62. Ke8 Qd8# {Accuracy: White = 49%, Black = 63%.} 0-1

[Event "Stay Safe Play From Home 290"]
[Site "Emanuel Lasker Arena"]
[Date "2020.07.09"]
[Round "1"]
[White "Klasman"]
[Black "Weltszmerc"]
[Result "0-1"]
[WhiteElo "1402"]
[BlackElo "2168"]
[Annotator "TA"]
[PlyCount "40"]
[EventDate "2020.07.09"]
[EventType "swiss (blitz)"]

{[%evp 9,40,-2,48,26,85,-4,18,0,0,-38,-38,-33,-27,-20,-18,-31,-31,-40,0,0,8,28,27,-4,-12,-41,-26,-68,-68,-68,-41,-60,-41]} 1. f4 Nf6 2. Nf3 d5 3. e3 c6 4. d4 Bg4 5. c4 {[#]} Ne4 $146 ({Predecessor:} 5... e6 6. Bd3 Ne4 7. O-O f5 8. Qb3 Qb6 9. Ne5 Bh5 10. Nc3 Nd7 11. Nxd7 Qxb3 12. axb3 Kxd7 {1-0 (48) Rodriguez Yuste,M (2234)-Garrido Olivares,R (2216) Madrid 2011}) 6. Qb3 {A03: Bird's Opening with 1...d5.} Qb6 (6... e6 $11) 7. Be2 (7. cxd5 $16 {Ne5 is the strong threat.} Qxb3 8. axb3) 7... Nd7 8. Nc3 {The position is equal.} (8. cxd5 {keeps more tension.} Qxb3 9. axb3 cxd5 10. Nc3 e6 11. Bb5) 8... e6 9. cxd5 (9. Nxe4 {looks sharper.} dxe4 10. Ng5 Qxb3 11. axb3 Bxe2 12. Kxe2 Nf6 13. Bd2) 9... Qxb3 10. axb3 {[#] Hoping for dxc6.} exd5 11. Nxe4 dxe4 12. Ne5 Bxe2 13. Kxe2 f6 14. Nc4 Be7 15. Bd2 Kf7 16. g4 Nb6 17. Nxb6 axb6 18. Rxa8 Rxa8 {Black is slightly better.} 19. Bc3 Ra2 20. h4 Ke6 {Accuracy: White = 50%, Black = 76%.} 0-1

[Event "Stay Safe Play From Home 290"]
[Site "Emanuel Lasker Arena"]
[Date "2020.07.09"]
[Round "1"]
[White "Mandy"]
[Black "SoulofWolf"]
[Result "0-1"]
[WhiteElo "900"]
[BlackElo "2263"]
[Annotator "TA"]
[PlyCount "40"]
[EventDate "2020.07.09"]
[EventType "swiss (blitz)"]

{[%evp 9,40,7,34,7,17,0,-5,2,23,-33,20,-46,21,-38,-41,-74,-74,-79,-79,-513,-520,-795,-766,-760,-668,-871,-857,-876,-889,-888,-839,-812,-354]} 1. d4 Nc6 2. Bf4 d6 3. e3 g6 4. Nf3 Bg7 5. c3 Bg4 6. Be2 {A41: 1 d4 d6: Tartakower System and Modern Defence.} e5 {[#]} 7. Bg5 $146 ({Predecessor:} 7. Bg3 Nge7 8. h3 Bd7 9. Nbd2 Nf5 10. Bh2 O-O 11. dxe5 dxe5 12. Nc4 Qe7 13. Ncxe5 Nxe5 14. Bxe5 Bxe5 15. Nxe5 Qxe5 16. Qxd7 {1-0 (32) Draganic,S (2156)-Kalajzic,I (2240) Topusko 2012}) 7... f6 8. Bh4 $1 {The position is equal.} Nge7 9. h3 ({Better is} 9. d5 $11 Bxf3 10. Bxf3 (10. gxf3 Nb8 $15)) 9... Bd7 (9... Bxf3 $15 10. gxf3 d5) 10. Nbd2 (10. e4 $11) 10... O-O (10... Nf5 $1 $15) 11. O-O (11. Bg3 $11) 11... Nf5 $1 $15 12. Bg3 Nxg3 13. fxg3 f5 14. Ng5 $2 {[%mdl 8192]} (14. dxe5 $17 Nxe5 15. Kh2) 14... Qxg5 $19 {[%mdl 64] [#] Double Attack. Black is clearly winning.} 15. h4 (15. Kh2 $142) 15... Qxe3+ {[%mdl 64] Double Attack} 16. Kh2 f4 17. g4 Qg3+ 18. Kg1 exd4 19. Nf3 dxc3 20. bxc3 Bxc3 {White got outplayed after the opening. Accuracy: White = 19%, Black = 72%.} (20... Bxg4 $142 21. Rb1 Rab8) 0-1